Land law (Record no. 106050)

MARC details
000 -LEADER
fixed length control field 01448cam a2200337 4500
001 - CONTROL NUMBER
control field L135416
008 - FIXED-LENGTH DATA ELEMENTS--GENERAL INFORMATION
fixed length control field 061025n2006 000 0 eng u
020 ## - INTERNATIONAL STANDARD BOOK NUMBER
International Standard Book Number 0421928204
-- 9780421928206
035 ## - SYSTEM CONTROL NUMBER
System control number (Sirsi) u135416
041 0# - LANGUAGE CODE
Language code of text/sound track or separate title eng
050 04 - LIBRARY OF CONGRESS CALL NUMBER
Classification number 346.41043 $2 18
100 1# - MAIN ENTRY--PERSONAL NAME
Personal name Chang, Chris
245 00 - TITLE STATEMENT
Title Land law
260 ## - PUBLICATION, DISTRIBUTION, ETC.
Place of publication, distribution, etc. London
Name of publisher, distributor, etc. Sweet and Maxwell
Date of publication, distribution, etc. 2006
300 ## - PHYSICAL DESCRIPTION
Extent xxiv, 209p.
Dimensions 22cm.
350 ## - PRICE (NR) (BK AM CF MU VM SE) [OBSOLETE]
Price 7.50
490 ## - SERIES STATEMENT
Series statement Sweet and Maxwell Nutcases
505 2# - FORMATTED CONTENTS NOTE
Formatted contents note The meaning of land -- Protection of interests in land -- Formal and informal methods of acquisitions of interest in land -- Co-ownership -- Strict settlements and trusts of land -- Leases -- Licences -- Mortgages -- Easement -- Freehold covenants
520 ## - SUMMARY, ETC.
Summary, etc. Discusses the key principles of the law with regards to the ownership, financing, registration and leasing of property. Provides cases and statutes relevant to various areas of land law. Discusses contract and conveyance, adverse possession and proprietary estoppel.
590 ## - LOCAL NOTE (RLIN)
Local note KA
650 24 - SUBJECT ADDED ENTRY--TOPICAL TERM
Topical term or geographic name entry element LAW OF PROPERTY ACT 1925
650 24 - SUBJECT ADDED ENTRY--TOPICAL TERM
Topical term or geographic name entry element LAND REGISTRATION ACT 2002
650 24 - SUBJECT ADDED ENTRY--TOPICAL TERM
Topical term or geographic name entry element CONTRACT (RIGHTS OF THIRD PARTIES) ACT 1999
650 24 - SUBJECT ADDED ENTRY--TOPICAL TERM
Topical term or geographic name entry element LANDLORD AND TENANT (COVENANTS) ACT 1995
650 24 - SUBJECT ADDED ENTRY--TOPICAL TERM
Topical term or geographic name entry element TRUSTS OF LAND AND APPOINTMENT OF TRUSTEES ACT 1996
650 24 - SUBJECT ADDED ENTRY--TOPICAL TERM
Topical term or geographic name entry element LAND REGISTRATION ACT 1925
651 #4 - SUBJECT ADDED ENTRY--GEOGRAPHIC NAME
Geographic name England and Wales
Chronological subdivision 1543-
690 ## - LOCAL SUBJECT ADDED ENTRY--TOPICAL TERM (OCLC, RLIN)
Topical term or geographic name as entry element PROPERTY
700 1# - ADDED ENTRY--PERSONAL NAME
Personal name Weldon, John
942 ## - ADDED ENTRY ELEMENTS (KOHA)
Suppress in OPAC 0
Holdings
Withdrawn status Lost status Source of classification or shelving scheme Damaged status Not for loan Home library Current library Shelving location Date acquired Cost, normal purchase price Total Checkouts Full call number Barcode Date last seen Date last checked out Copy number Cost, replacement price Price effective from Koha item type
    Dewey Decimal Classification     London London Books 06/02/2007 7.50 11 346.41043 CHA 30073612 06/08/2019 25/01/2010 1 7.50 06/08/2019 Book